Teoría de las obligaciones en el Derecho moderno (Record no. 110729)

MARC details
000 -LEADER
campo de control de longitud fija 02141nam a2200277 i 4500
001 - NÚMERO DE CONTROL
campo de control 110729
003 - IDENTIFICADOR DE NÚMERO DE CONTROL
campo de control ES-MaACL
005 - FECHA Y HORA DE LA ÚLTIMA TRANSACCIÓN
campo de control 20230906185139.0
007 - CAMPO FIJO DE DESCRIPCIÓN FÍSICA--INFORMACIÓN GENERAL
campo de control de longitud fija t|
008 - DATOS DE LONGITUD FIJA--INFORMACIÓN GENERAL
campo de control de longitud fija 070123m19281930sp ||||1| spa d
080 ## - NÚMERO DE LA CLASIFICACIÓN DECIMAL UNIVERSAL
Número de la Clasificación Decimal Universal 347.41/.43
100 1# - ENTRADA PRINCIPAL--NOMBRE DE PERSONA
Nombre de persona Giorgi, Giorgio.
9 (RLIN) 57167
245 10 - MENCIÓN DEL TÍTULO
Título Teoría de las obligaciones en el Derecho moderno
Resto del título : expuesta conforme a la doctrina y a la jurisprudencia italiana, francesa, alemana, etc., etc. /
Mención de responsabilidad, etc. por Jorge Giorgi ; traducida de la séptima edición italiana y anotada con arreglo a las legislaciones española y americanas, por la Redaccion de la Revista General de Legislación, Jurisprudencia, y precedidad de una introduccion de Eduardo Dato Iradier.
250 ## - MENCION DE EDICION
Mención de edición 2ª ed rev.
260 ## - PUBLICACIÓN, DISTRIBUCIÓN, ETC.
Lugar de publicación, distribución, etc. Madrid :
Nombre del editor, distribuidor, etc. Hijos de Reus,
Fecha de publicación, distribución, etc. 1928-1930.
300 ## - DESCRIPCIÓN FÍSICA
Extensión 9 v. ;
Dimensiones 23 cm.
490 1# - MENCIÓN DE SERIE
Mención de serie Biblioteca jurídica de autores españoles y extranjeros ;
Designación de volumen o secuencia 106-114
504 ## - NOTA DE BIBLIOGRAFÍA, ETC.
Nota de bibliografía, etc. Indice.
505 8# - NOTA DE CONTENIDO CON FORMATO
Nota de contenido con formato Contiene: v. 1. Definición de las obligaciones; obligaciones naturales, solidarias, indivisibles; forma y prueba de las obligaciones.(E-3099).-- v. 2. Efectos de las obligaciones;...(E-3100).-- v. 3. Fuentes de las obligaciones.-Contratos.(E-3101).-- v. 4. Fuentes de las obligaciones; (continuación y fin de los contratos).(E-3102).-- v. 5. Fuentes de las obligaciones; cuasi-contratos; hechos ilicitos; leyes.(E-3103).-- v. 6. Fuentes de las obligaciones; obligaciones nacidas de la ley (Continuación y fin); tramitación de las obligaciones.(E-3104).-- v. 7. Extincion de las obligaciones...(E-3105).-- v. 8. Extinción de las obligaciones (Continuación y fin); compensación; confusión; pérdida de la cosa debida; acciones rescisorias; prescripción.(E-3106).-- v. 9. Indice General por orden alfabético de todas las materias contenidad en los ocho volúmenes.(E-3107)
650 #4 - PUNTO DE ACCESO ADICIONAL DE MATERIA--TÉRMINO DE MATERIA
Término de materia o nombre geográfico como elemento de entrada Obligaciones (Derecho)
9 (RLIN) 15660
700 1# - ENTRADA AGREGADA--NOMBRE PERSONAL
Nombre de persona Dato, Eduardo,
Fechas asociadas al nombre 1856-1921
9 (RLIN) 42789
710 2# - ENTRADA AGREGADA--NOMBRE DE ENTIDAD CORPORATIVA
Nombre de entidad corporativa o nombre de jurisdicción como elemento de entrada Revista General de Legislación y Jurisprudencia.
9 (RLIN) 6446
830 0# - PUNTO DE ACCESO ADICIONAL DE SERIE-TÍTULO UNIFORME
Título uniforme Biblioteca jurídica de autores españoles y extranjeros ;
Designación de volumen o secuencia 106-114
9 (RLIN) 182228
852 ## - LOCALIZACIÓN
Ubicación ES-MaACL
Número de control de estantería E-3099-3107
Holdings
Estatus retirado Estado de pérdida Estado de daño No para préstamo Biblioteca de origen Biblioteca actual Ubicación en estantería Fecha de adquisición Fuente de adquisición Total de préstamos Signatura topográfica completa Código de barras Visto por última vez Precio de reemplazo Tipo de ítem Koha
        Biblioteca del Ateneo de Madrid Biblioteca del Ateneo de Madrid Depósito 2 17/01/2008     E-3099-3107 1115528 23/02/2023 23/02/2023 Libro impreso